Panji, the culture hero (Record no. 550610)

MARC details
000 -LEADER
fixed length control field 00822nam a2200265Ia 4500
003 - CONTROL NUMBER IDENTIFIER
control field OSt
005 - DATE AND TIME OF LATEST TRANSACTION
control field 20220925204853.0
008 - FIXED-LENGTH DATA ELEMENTS--GENERAL INFORMATION
fixed length control field 220923b |||||||| |||| 00| 0 eng d
020 ## - INTERNATIONAL STANDARD BOOK NUMBER
International Standard Book Number 90.247.6184.0
037 ## - SOURCE OF ACQUISITION
Terms of availability General Book
040 ## - CATALOGING SOURCE
Original cataloging agency RTL
Transcribing agency RTL
Language of cataloging eng
041 ## - LANGUAGE CODE
Source of code eng
Language code of text/sound track or separate title eng
100 ## - MAIN ENTRY--PERSONAL NAME
Personal name Rassers W H
9 (RLIN) 269149
245 #0 - TITLE STATEMENT
Title Panji, the culture hero
Remainder of title A structural study of religion in java
250 ## - EDITION STATEMENT
Edition statement 2
260 ## - PUBLICATION, DISTRIBUTION, ETC.
Place of publication, distribution, etc. Hague
Name of publisher, distributor, etc. Martinus Nijhoff
Date of publication, distribution, etc. 1982
300 ## - PHYSICAL DESCRIPTION
Extent xix, 304p
Dimensions cm.
490 ## - SERIES STATEMENT
Series statement Koninklijk Institute Voor Taat Land-en Volkenkunde, Translation Series.3
500 ## - GENERAL NOTE
General note Bibliography Chapterwise
942 ## - ADDED ENTRY ELEMENTS (KOHA)
Classification part Y:3(Q).4363.N5, J9;M2
Koha item type General Books
Source of classification or shelving scheme Colon Classification (CC)
Holdings
Withdrawn status Lost status Damaged status Not for loan Home library Current library Date acquired Total Checkouts Full call number Barcode Date last seen Price effective from Koha item type
        Ratan Tata Library Ratan Tata Library 2022-09-25   Y:3(Q).4363.N5 J9;M2 RT0807227 2022-09-25 2022-09-25 General Books
Copyright @ Delhi University Library System